[Event "Wch FIDE Online U16 Girls America qual"]
[Site "Tornelo INT"]
[Date "2020.12.04"]
[Round "7"]
[White "Frattini, Beatriz Maria"]
[Black "Bilodeau Savaria, Sandy Rose"]
[Result "1-0"]
[WhiteElo "1717"]
[BlackElo "1338"]
[PlyCount "61"]
[EventDate "2020.12.01"]
[EventType "swiss (rapid)"]
[EventRounds "7"]
[EventCountry "ISS"]
[SourceTitle "EXT 2022"]
[Source "ChessBase"]
[SourceDate "2021.10.06"]
[SourceVersion "1"]
[SourceVersionDate "2021.10.06"]
[SourceQuality "1"]

1. e4 c5 2. Nf3 d6 3. d4 cxd4 4. Nxd4 Nf6 5. Nc3 a6 6. Be3 e5 7. Nb3 Be7 8. f3 Be6 9. Qd2 Nbd7 10. g4 b5 11. g5 Nh5 12. Nd5 Bxd5 13. exd5 Nb6 14. Rg1 Nf4 15. Bxf4 exf4 16. h4 Qc7 17. 0-0-0 Rc8 18. Bh3 Rb8 19. Qxf4 Nc4 20. Kb1 a5 21. Nd4 a4 22. Nc6 Rb7 23. Nxe7 Qxe7 24. Rge1 Ne5 25. Qf5 0-0 26. f4 g6 27. Qe4 Re8 28. fxe5 Qxe5 29. Qh1 Qxe1 30. Rxe1 Rxe1+ 31. Qxe1 1-0

[Event "Wch FIDE Online U16 Girls America qual"]
[Site "Tornelo INT"]
[Date "2020.12.03"]
[Round "5"]
[White "Bilodeau Savaria, Sandy Rose"]
[Black "Samuel Bisnath, Keira"]
[Result "1-0"]
[WhiteElo "1338"]
[BlackElo "1063"]
[PlyCount "59"]
[EventDate "2020.12.01"]
[EventType "swiss (rapid)"]
[EventRounds "7"]
[EventCountry "ISS"]
[SourceTitle "EXT 2022"]
[Source "ChessBase"]
[SourceDate "2021.10.06"]
[SourceVersion "1"]
[SourceVersionDate "2021.10.06"]
[SourceQuality "1"]

1. d4 d5 2. c4 c6 3. Nf3 Nf6 4. Nc3 Bf5 5. e3 e6 6. Bd3 Bxd3 7. Qxd3 Bb4 8. 0-0 0-0 9. a3 Be7 10. e4 dxe4 11. Nxe4 Nxe4 12. Qxe4 Nd7 13. Bf4 Nf6 14. Qd3 Nh5 15. Be3 f5 16. Ne5 Bg5 17. Qe2 Nf4 18. Bxf4 Bxf4 19. Nf3 Bc7 20. Qxe6+ Kh8 21. Rfe1 a6 22. Ne5 Bxe5 23. Qxe5 Qg5 24. d5 cxd5 25. cxd5 Rad8 26. Rad1 f4 27. Qxg5 g6 28. Re7 Rf5 29. Qh6 Rg8 30. Qxh7# 1-0

[Event "Contrecoeur op 7th"]
[Site "Contrecoeur"]
[Date "2019.11.03"]
[Round "4"]
[White "Bilodeau Savaria, Sandy Rose"]
[Black "Mok, Yuen Tak"]
[Result "0-1"]
[WhiteElo "1353"]
[BlackElo "1795"]
[PlyCount "108"]
[EventDate "2019.11.01"]
[EventType "swiss"]
[EventRounds "5"]
[EventCountry "CAN"]
[SourceTitle "CBM 193 Extra"]
[Source "ChessBase"]
[SourceDate "2020.01.31"]
[SourceVersion "1"]
[SourceVersionDate "2020.01.31"]
[SourceQuality "1"]

1. d4 d5 2. c4 c6 3. Nf3 Nf6 4. Nc3 e6 5. e3 Bd6 6. Bd3 dxc4 7. Bxc4 b5 8. Bd3 Nbd7 9. a4 b4 10. Ne4 Be7 11. Qc2 Bb7 12. Nxf6+ Nxf6 13. Ne5 Rc8 14. Bd2 0-0 15. 0-0 c5 16. dxc5 Qd5 17. Nf3 Rxc5 18. Qb1 Rd8 19. Bxb4 Qxd3 20. Qxd3 Rxd3 21. Bxc5 Bxc5 22. Rac1 Bb6 23. b4 Kf8 24. Ne5 Rd5 25. Nc4 Bd8 26. f3 Ne8 27. Rfd1 f6 28. b5 Ke7 29. Kf2 Rxd1 30. Rxd1 Bd5 31. Nb2 f5 32. Ke2 Nd6 33. Kd3 Ba5 34. Rc1 e5 35. Rc5 Ke6 36. Nd1 e4+ 37. Ke2 Bc4+ 38. Kf2 Bb3 39. Nb2 f4 40. Rc6 Bd5 41. Rc2 Bb6 42. Rc3 fxe3+ 43. Ke2 Bd4 44. Rc2 Bb3 45. Rc7 Bxb2 46. Kxe3 Bxa4 47. Rxa7 Bd4+ 48. Kxd4 Nxb5+ 49. Kxe4 Nxa7 50. h3 Nb5 51. g4 Nd6+ 52. Kf4 Bc6 53. h4 Nc4 54. h5 Ne5 0-1

[Event "Quebec-ch U20"]
[Site "Montreal"]
[Date "2019.04.28"]
[Round "4.7"]
[White "Hu, Raymond"]
[Black "Bilodeau Savaria, Sandy Rose"]
[Result "1-0"]
[WhiteElo "1462"]
[BlackElo "1211"]
[PlyCount "91"]
[EventDate "2019.04.??"]
[EventType "swiss"]
[EventRounds "5"]
[EventCountry "CAN"]
[SourceTitle "EXT 2022"]
[Source "ChessBase"]
[SourceDate "2021.10.06"]
[SourceVersion "1"]
[SourceVersionDate "2021.10.06"]
[SourceQuality "1"]

1. e4 c5 2. d4 cxd4 3. c3 dxc3 4. Bc4 cxb2 5. Bxb2 Nc6 6. Nf3 e6 7. 0-0 d6 8. Re1 Nf6 9. e5 dxe5 10. Qe2 Be7 11. Nxe5 Nxe5 12. Bxe5 0-0 13. Rd1 Qa5 14. Rd3 Rd8 15. Rh3 a6 16. Bd3 g6 17. Nc3 Qb4 18. a3 Qc5 19. Re3 b5 20. Be4 Nxe4 21. Rxe4 Bb7 22. Re3 Qc6 23. Qg4 Rac8 24. Qh3 h5 25. Rg3 Kf8 26. Re1 Bxa3 27. Qh4 Be7 28. Qf4 Bd6 29. Qh6+ Ke8 30. Qh8+ Kd7 31. Qf6 Kc7 32. Qxf7+ Rd7 33. Qxe6 Bxe5 34. Qxe5+ Qd6 35. Qe2 b4 36. Na2 Rg8 37. Qc4+ Kb8 38. Qxg8+ Ka7 39. Qb3 Qd2 40. Qe3+ Qxe3 41. Rgxe3 a5 42. Re5 b3 43. Nc3 b2 44. Rxa5+ Kb6 45. Rb5+ Kc6 46. Rxb2 1-0

[Event "Kingston Easter U1600"]
[Site "Kingston"]
[Date "2019.04.22"]
[Round "8.48"]
[White "Bilodeau Savaria, Sandy Rose"]
[Black "De Leon, Rut Jurry"]
[Result "0-1"]
[WhiteElo "1150"]
[BlackElo "1063"]
[PlyCount "116"]
[EventDate "2019.04.18"]
[EventType "swiss"]
[EventRounds "9"]
[EventCountry "CAN"]
[SourceTitle "EXT 2022"]
[Source "ChessBase"]
[SourceDate "2021.10.06"]
[SourceVersion "1"]
[SourceVersionDate "2021.10.06"]
[SourceQuality "1"]

1. d4 g6 2. c4 Bg7 3. Nf3 d6 4. Nc3 Nd7 5. Bf4 Ngf6 6. e4 e5 7. dxe5 dxe5 8. Bxe5 Nxe5 9. Nxe5 Qxd1+ 10. Rxd1 Nxe4 11. Nxe4 Bxe5 12. b3 0-0 13. Be2 Bf5 14. Nc5 b6 15. Nd7 Bxd7 16. Rxd7 Rad8 17. Re7 Rfe8 18. Rxe8+ Rxe8 19. 0-0 Bxh2+ 20. Kxh2 Rxe2 21. f3 Rxa2 22. Rd1 Rb2 23. Rd3 Kg7 24. Kg3 Kf6 25. Kh3 a6 26. g4 Ke6 27. Kg3 b5 28. Kf4 bxc4 29. bxc4 h6 30. Ra3 Rb6 31. Ke4 Kd6 32. Rd3+ Ke7 33. Ra3 h5 34. gxh5 gxh5 35. Kf5 Rg6 36. f4 Kf8 37. Rh3 Rh6 38. Kg5 Kg7 39. Rd3 h4 40. Rh3 a5 41. Kf5 a4 42. Kg4 f5+ 43. Kxf5 a3 44. Rxa3 h3 45. Ra1 h2 46. Rh1 Kf7 47. Kg4 Kf6 48. f5 c5 49. Kf4 Rh4+ 50. Kg3 Rxc4 51. Rxh2 Kxf5 52. Kf3 Rc3+ 53. Kg2 Rc2+ 54. Kg1 Rxh2 55. Kxh2 Ke4 56. Kg1 Kd3 57. Kf1 Kd2 58. Kf2 c4 0-1

[Event "Kingston Easter U1600"]
[Site "Kingston"]
[Date "2019.04.20"]
[Round "4.47"]
[White "Lee, Ji Won"]
[Black "Bilodeau Savaria, Sandy Rose"]
[Result "1-0"]
[WhiteElo "1365"]
[BlackElo "1150"]
[PlyCount "61"]
[EventDate "2019.04.18"]
[EventType "swiss"]
[EventRounds "9"]
[EventCountry "CAN"]
[SourceTitle "EXT 2022"]
[Source "ChessBase"]
[SourceDate "2021.10.06"]
[SourceVersion "1"]
[SourceVersionDate "2021.10.06"]
[SourceQuality "1"]

1. d4 d5 2. Bf4 Nf6 3. e3 Nc6 4. c3 e6 5. Nd2 Bd6 6. Bg3 0-0 7. Ngf3 Bxg3 8. hxg3 b6 9. Bd3 h6 10. Ne5 Nxe5 11. dxe5 Nd7 12. f4 a5 13. Qg4 Kh8 14. Nf3 Nc5 15. Bc2 Ne4 16. Ng5 f5 17. Qh4 Kg8 18. Bxe4 fxe4 19. Nh3 Qd7 20. a4 Ba6 21. g4 c5 22. g5 Qe7 23. Qg4 Kh8 24. gxh6 gxh6 25. Ng5 Kg8 26. Rxh6 Qg7 27. Qxe6+ Rf7 28. Rg6 Raf8 29. Nxf7 Rxf7 30. Rxg7+ Kxg7 31. 0-0-0 1-0

[Event "Contrecoeur-C"]
[Site "Contrecoeur"]
[Date "2018.11.04"]
[Round "4.9"]
[White "Bilodeau Savaria, Sandy Rose"]
[Black "Breton, Jules"]
[Result "0-1"]
[WhiteElo "1052"]
[BlackElo "1373"]
[PlyCount "148"]
[EventDate "2018.11.02"]
[EventType "swiss"]
[EventRounds "5"]
[EventCountry "CAN"]
[SourceTitle "EXT 2022"]
[Source "ChessBase"]
[SourceDate "2021.10.06"]
[SourceVersion "1"]
[SourceVersionDate "2021.10.06"]
[SourceQuality "1"]

1. d4 d5 2. c4 e6 3. Nf3 c5 4. e3 Nf6 5. Nc3 Be7 6. Bd3 0-0 7. 0-0 a6 8. cxd5 exd5 9. a3 c4 10. Bc2 Bg4 11. h3 Bd7 12. e4 dxe4 13. Nxe4 Nd5 14. b3 b5 15. bxc4 bxc4 16. Bg5 f6 17. Bd2 Qc7 18. Nc3 Be6 19. Nxd5 Bxd5 20. Bb4 Nc6 21. Bxe7 Nxe7 22. Re1 h6 23. Be4 Rac8 24. Rc1 Qd6 25. Rc3 Bxe4 26. Rxe4 Nd5 27. Rc2 Qxa3 28. Nd2 Nc3 29. Qf3 Qa1+ 30. Kh2 Nxe4 31. Qxe4 c3 32. Nb3 Qa3 33. Nc5 Rfe8 34. Qd3 Qa5 35. Rxc3 Qc7+ 36. g3 a5 37. Ra3 Kh8 38. Nb3 Ra8 39. Qb5 Reb8 40. Qd5 Qc2 41. Kg2 a4 42. Nc5 Rd8 43. Qc6 Rdc8 44. Qd7 Rcb8 45. Nxa4 Qe4+ 46. Rf3 Rd8 47. Nc5 Qxf3+ 48. Kxf3 Rxd7 49. Nxd7 Rd8 50. Nc5 Rxd4 51. g4 Rc4 52. Ne6 Rc3+ 53. Kf4 Rxh3 54. Kf5 Kh7 55. f4 Ra3 56. g5 Ra5+ 57. Kg4 Ra6 58. Kf5 Rxe6 59. Kxe6 Kg6 60. gxh6 gxh6 61. f5+ Kg5 62. Kd5 Kxf5 63. Kd4 Kf4 64. Kd3 Kf3 65. Kd2 Kf2 66. Kd3 f5 67. Kd2 f4 68. Kd3 f3 69. Ke4 Ke2 70. Kf5 f2 71. Kg6 f1Q 72. Kxh6 Qg2 73. Kh5 Kf3 74. Kh6 Kf4 0-1

[Event "Contrecoeur-C"]
[Site "Contrecoeur"]
[Date "2018.11.04"]
[Round "5.10"]
[White "Perron, Bernard"]
[Black "Bilodeau Savaria, Sandy Rose"]
[Result "1-0"]
[WhiteElo "1248"]
[BlackElo "1187"]
[PlyCount "71"]
[EventDate "2018.11.02"]
[EventType "swiss"]
[EventRounds "5"]
[EventCountry "CAN"]
[SourceTitle "EXT 2022"]
[Source "ChessBase"]
[SourceDate "2021.10.06"]
[SourceVersion "1"]
[SourceVersionDate "2021.10.06"]
[SourceQuality "1"]

1. e4 c5 2. Bc4 e6 3. c3 Nc6 4. Nf3 Qc7 5. 0-0 Nf6 6. Qe2 Be7 7. d4 cxd4 8. e5 Ng4 9. h3 Ngxe5 10. cxd4 Nxf3+ 11. gxf3 Nxd4 12. Qd3 Nf5 13. Re1 a6 14. Bb3 b5 15. Qe4 Bb7 16. Qg4 0-0-0 17. Kg2 Kb8 18. Kg1 Rc8 19. Bf4 Bd6 20. Rc1 Qb6 21. Bxd6+ Qxd6 22. Rxc8+ Kxc8 23. Nc3 Kb8 24. Rd1 Qc6 25. Qf4+ Ka7 26. Bc2 g6 27. Bxf5 gxf5 28. Qd4+ Ka8 29. Qxh8+ Ka7 30. Qd4+ Ka8 31. Qxd7 Qxf3 32. Qd8+ Ka7 33. Nxb5+ axb5 34. Qa5+ Ba6 35. Rd7+ Kb8 36. Qc7+ 1-0

[Event "Contrecoeur-C"]
[Site "Contrecoeur"]
[Date "2018.11.03"]
[Round "3.11"]
[White "Berlinguet, Etienne"]
[Black "Bilodeau Savaria, Sandy Rose"]
[Result "0-1"]
[WhiteElo "1307"]
[BlackElo "1052"]
[PlyCount "106"]
[EventDate "2018.11.02"]
[EventType "swiss"]
[EventRounds "5"]
[EventCountry "CAN"]
[SourceTitle "EXT 2022"]
[Source "ChessBase"]
[SourceDate "2021.10.06"]
[SourceVersion "1"]
[SourceVersionDate "2021.10.06"]
[SourceQuality "1"]

1. e4 c5 2. Nc3 e6 3. f4 Nc6 4. Nf3 Qc7 5. d3 a6 6. Be2 d6 7. 0-0 Nf6 8. Re1 Be7 9. Bf1 0-0 10. Ne2 b5 11. Ng3 Rd8 12. Ng5 Bb7 13. Nh5 b4 14. Re3 g6 15. Nxf6+ Bxf6 16. Rh3 Bxg5 17. fxg5 d5 18. Qg4 Qe5 19. Qh4 dxe4 20. Qxh7+ Kf8 21. Qh4 exd3 22. Bf4 Qd4+ 23. Qf2 Qxf2+ 24. Kxf2 dxc2 25. Rc1 Nd4 26. Be5 Rac8 27. Bf6 Ke8 28. Rh8+ Kd7 29. Rxd8+ Rxd8 30. Bxd8 Kxd8 31. Ke3 a5 32. g3 a4 33. b3 axb3 34. axb3 Bd5 35. Bc4 Bxc4 36. bxc4 b3 37. Rxc2 bxc2 38. Kd2 Kd7 39. h4 e5 40. g4 Ke6 41. h5 gxh5 42. gxh5 Kf5 43. h6 Kg6 44. Kc1 e4 45. Kd2 e3+ 46. Kc1 e2 47. Kd2 e1Q+ 48. Kxe1 c1Q+ 49. Kf2 Qxg5 50. h7 Kxh7 51. Kf1 Kg6 52. Kf2 Qg4 53. Ke3 Kf5 0-1